<?xml version="1.0" encoding="UTF-8"?>
<collection xmlns="http://www.loc.gov/MARC21/slim">
 <record>
  <leader>00673nam a22001935a 4500</leader>
  <controlfield tag="001">EUN.um067897</controlfield>
  <controlfield tag="008">041125s1998####ag#a##########000#0#spa#d</controlfield>
  <controlfield tag="005">20141010105502.0</controlfield>
  <datafield tag="245" ind1="1" ind2="0">
   <subfield code="a">Apuntes para la materia :</subfield>
   <subfield code="b">Cálculo I /</subfield>
   <subfield code="c">Estela Bianco, Aldo V. Figallo, Claudia Sanza, Alicia N. Ziliani.</subfield>
  </datafield>
  <datafield tag="260" ind1=" " ind2=" ">
   <subfield code="a">Bahía Blanca :</subfield>
   <subfield code="b">Universidad Nacional del Sur. Departamento de Matematica,</subfield>
   <subfield code="c">1998.</subfield>
  </datafield>
  <datafield tag="300" ind1=" " ind2=" ">
   <subfield code="a">182 p. :</subfield>
   <subfield code="b">ilus. ;</subfield>
   <subfield code="c">29 cm.</subfield>
  </datafield>
  <datafield tag="100" ind1="1" ind2=" ">
   <subfield code="a">Bianco, Estela.</subfield>
  </datafield>
  <datafield tag="700" ind1="1" ind2=" ">
   <subfield code="a">Figallo, Aldo V.</subfield>
  </datafield>
  <datafield tag="700" ind1="1" ind2=" ">
   <subfield code="a">Sanza, Claudia A.</subfield>
  </datafield>
  <datafield tag="700" ind1="1" ind2=" ">
   <subfield code="a">Ziliani, Alicia N.</subfield>
  </datafield>
  <datafield tag="082" ind1="0" ind2="4">
   <subfield code="a">517</subfield>
  </datafield>
  <datafield tag="653" ind1=" " ind2=" ">
   <subfield code="a">Matematica</subfield>
  </datafield>
  <datafield tag="653" ind1=" " ind2=" ">
   <subfield code="a">Calculo</subfield>
  </datafield>
  <datafield tag="859" ind1=" " ind2=" ">
   <subfield code="a">Ar-BaUNS</subfield>
   <subfield code="b">BIB. CENTRAL - Sector A</subfield>
   <subfield code="h">517</subfield>
   <subfield code="i">B47</subfield>
   <subfield code="p">111028/000</subfield>
  </datafield>
 </record>
</collection>
